[Event "Berlin Lichtenberger op 10th"]
[Site "Berlin"]
[Date "2011.08.14"]
[Round "3"]
[White "Baranowsky, Peter"]
[Black "Kitzler, Gerhard"]
[Result "1-0"]
[WhiteElo "1989"]
[BlackElo "1588"]
[PlyCount "66"]
[EventDate "2011.08.13"]
[EventType "swiss"]
[EventRounds "9"]
[EventCountry "GER"]
[SourceTitle "CBM 143 Extra"]
[Source "ChessBase"]
[SourceDate "2011.08.29"]
[SourceVersion "1"]
[SourceVersionDate "2011.08.29"]
[SourceQuality "1"]

1. d4 d5 2. Nf3 Nf6 3. e3 Bg4 4. h3 Bxf3 5. Qxf3 e6 6. Bd3 Nbd7 7. 0-0 e5 8. e4 dxe4 9. Bxe4 c6 10. Re1 Nxe4 11. Rxe4 Bd6 12. Bf4 Qe7 13. dxe5 Bxe5 14. Bxe5 Nxe5 15. Qe2 f6 16. f4 Qc5+ 17. Kh2 0-0 18. fxe5 fxe5 19. Rxe5 Qd6 20. Kh1 Rad8 21. Nc3 Qf6 22. Re1 Qf4 23. Re4 Qg5 24. Rg4 Qf6 25. Qe6+ Qxe6 26. Rxe6 Rf1+ 27. Kh2 Rf7 28. Rge4 Kf8 29. Kg3 g6 30. Rf4 Rxf4 31. Kxf4 Rd4+ 32. Ke3 Rd7 33. Ne4 Kf7 1-0

[Event "Berlin Lichtenberger op 10th"]
[Site "Berlin"]
[Date "2011.08.13"]
[Round "1"]
[White "Oppermann, Peter"]
[Black "Kitzler, Gerhard"]
[Result "1/2-1/2"]
[WhiteElo "2000"]
[BlackElo "1588"]
[PlyCount "121"]
[EventDate "2011.08.13"]
[EventType "swiss"]
[EventRounds "9"]
[EventCountry "GER"]
[SourceTitle "CBM 143 Extra"]
[Source "ChessBase"]
[SourceDate "2011.08.29"]
[SourceVersion "1"]
[SourceVersionDate "2011.08.29"]
[SourceQuality "1"]

1. d4 Nf6 2. Nf3 e6 3. e3 d5 4. Bd3 c5 5. b3 Be7 6. Bb2 a6 7. Nbd2 b5 8. dxc5 Bxc5 9. 0-0 0-0 10. Ne5 Bb7 11. Ndf3 Nc6 12. Nxc6 Bxc6 13. Ne5 Bb7 14. Qf3 Ne4 15. Rad1 Qe7 16. Qe2 Bd6 17. Bxe4 dxe4 18. f4 exf3 19. Nxf3 Qc7 20. e4 e5 21. Rc1 Rac8 22. c4 bxc4 23. Rxc4 Qb6+ 24. Kh1 Rxc4 25. Qxc4 Rc8 26. Qd3 f6 27. Nd2 Be7 28. Nc4 Qc7 29. h3 Rd8 30. Qc2 Rc8 31. Rc1 Qc6 32. Re1 a5 33. a3 Ba6 34. Rc1 Kf8 35. Qd2 Qxe4 36. Nxa5 Rxc1+ 37. Qxc1 Qa8 38. Qc7 Ke8 39. Nc6 Qb7 40. Qxe7+ Qxe7 41. Nxe7 Kxe7 42. a4 Ke6 43. Kg1 Bb7 44. Kf2 g5 45. Bc1 h5 46. g4 hxg4 47. hxg4 Kd5 48. Be3 Ke4 49. Bc5 Kf4 50. Be7 f5 51. gxf5 Kxf5 52. Ke3 g4 53. Bh4 Bd5 54. b4 Ke6 55. Bg3 Kd6 56. Kd3 Bb7 57. b5 Kd5 58. a5 e4+ 59. Ke3 Kc5 60. b6 Kb5 61. Be1 1/2-1/2

[Event "Karl Mala Memorial op 14th"]
[Site "Frankfurt"]
[Date "2011.07.10"]
[Round "7"]
[White "Kitzler, Gerhard"]
[Black "Pruefert, Franziska"]
[Result "0-1"]
[WhiteElo "1588"]
[BlackElo "1408"]
[PlyCount "50"]
[EventDate "2011.07.07"]
[EventType "swiss"]
[EventRounds "7"]
[EventCountry "GER"]
[SourceTitle "EXT 2012"]
[Source "ChessBase"]
[SourceDate "2011.11.24"]
[SourceVersion "1"]
[SourceVersionDate "2011.11.24"]
[SourceQuality "1"]

1. e4 d6 2. d4 g6 3. Bc4 Bg7 4. c3 Nf6 5. Qb3 0-0 6. Qc2 Nc6 7. h3 e5 8. d5 Ne7 9. f4 exf4 10. Bxf4 Qe8 11. Be2 Nd7 12. Nf3 f5 13. Na3 fxe4 14. Qxe4 Nc5 15. Qc4 a6 16. Kf2 b5 17. Nxb5 axb5 18. Qxb5 Qxb5 19. Bxb5 Rxf4 20. Bc6 Nxc6 21. dxc6 Ba6 22. Kg3 Raf8 23. Rhe1 Bb5 24. Re7 Bxc6 25. Ng5 Be5 0-1

[Event "Karl Mala Memorial op 14th"]
[Site "Frankfurt"]
[Date "2011.07.10"]
[Round "6"]
[White "Weber, Samuel"]
[Black "Kitzler, Gerhard"]
[Result "1/2-1/2"]
[WhiteElo "1104"]
[BlackElo "1588"]
[PlyCount "143"]
[EventDate "2011.07.07"]
[EventType "swiss"]
[EventRounds "7"]
[EventCountry "GER"]
[SourceTitle "EXT 2012"]
[Source "ChessBase"]
[SourceDate "2011.11.24"]
[SourceVersion "1"]
[SourceVersionDate "2011.11.24"]
[SourceQuality "1"]

1. e4 e5 2. d4 exd4 3. Qxd4 d6 4. Qe3 g6 5. Nc3 Bh6 6. Qd4 f6 7. Bxh6 Nxh6 8. Bc4 Bd7 9. 0-0-0 a6 10. f4 Nc6 11. Qd2 Qe7 12. Nd5 Qd8 13. h3 f5 14. e5 b5 15. Bb3 dxe5 16. fxe5 Nf7 17. Nf6+ Ke7 18. Nxd7 Nfxe5 19. Nxe5 Qxd2+ 20. Rxd2 Nxe5 21. Re2 Kf6 22. Nf3 Nxf3 23. gxf3 Rad8 24. Re6+ Kg7 25. Rxa6 Rd4 26. Re1 c5 27. Be6 Re8 28. Rd1 Rh4 29. Rd7+ Kh6 30. Bxf5 Kg5 31. Bg4 h5 32. Rd5+ Kf4 33. Rf6+ Ke3 34. Rd3+ Kf2 35. Rd2+ Kf1 36. Be6 Ra8 37. Rxg6 c4 38. a3 c3 39. bxc3 Rxa3 40. Kb2 Rha4 41. h4 Ra7 42. Rgg2 R3a4 43. Rge2 Rxh4 44. Rf2+ Ke1 45. Rh2 Rxh2 46. Rxh2 Re7 47. Bd5 Re5 48. Be4 Kf1 49. Bd3+ Kg1 50. Re2 Rg5 51. f4 Rg7 52. Bxb5 h4 53. Re3 Rh7 54. Re1+ Kf2 55. Rh1 Kg2 56. Bc6+ Kg3 57. f5 Rh6 58. Be4 Kf4 59. Rf1+ Kxe4 60. f6 Rh8 61. f7 Rf8 62. Rh1 Rxf7 63. Rxh4+ Kd5 64. Kb3 Rb7+ 65. Rb4 Rf7 66. c4+ Kc6 67. c3 Rf1 68. Ka2 Rf3 69. Rb3 Kc5 70. Rb4 Rxc3 71. Ra4 Rxc4 72. Rxc4+ 1/2-1/2

[Event "Karl Mala Memorial op 14th"]
[Site "Frankfurt"]
[Date "2011.07.07"]
[Round "1"]
[White "Kitzler, Gerhard"]
[Black "Kolker, Vladislav"]
[Result "0-1"]
[WhiteElo "1588"]
[BlackElo "2104"]
[PlyCount "56"]
[EventDate "2011.07.07"]
[EventType "swiss"]
[EventRounds "7"]
[EventCountry "GER"]
[SourceTitle "EXT 2012"]
[Source "ChessBase"]
[SourceDate "2011.11.24"]
[SourceVersion "1"]
[SourceVersionDate "2011.11.24"]
[SourceQuality "1"]

1. e4 e5 2. Nf3 Nc6 3. Bc4 Nf6 4. Ng5 d5 5. exd5 Na5 6. Bb5+ c6 7. dxc6 bxc6 8. Be2 h6 9. Nf3 e4 10. Ng1 Bc5 11. c3 Qb6 12. b4 Bxf2+ 13. Kf1 Nb7 14. d4 exd3 15. Bxd3 Bg4 16. Nf3 0-0 17. Qe2 Bh4 18. Be3 Qc7 19. h3 Nh5 20. Bf2 Rfe8 21. Qxe8+ Rxe8 22. Bxh4 Bxf3 23. gxf3 Qf4 24. Be4 Rxe4 25. Bf2 Qxf3 26. Rh2 Ng3+ 27. Kg1 Re1+ 28. Bxe1 Qf1# 0-1

[Event "Rhein Main op-B 14th"]
[Site "Bad Homburg"]
[Date "2011.06.23"]
[Round "2"]
[White "Kitzler, Gerhard"]
[Black "Zerhusen, Martin"]
[Result "0-1"]
[WhiteElo "1200"]
[BlackElo "1625"]
[PlyCount "94"]
[EventDate "2011.06.22"]
[EventType "swiss"]
[EventRounds "7"]
[EventCountry "GER"]
[SourceTitle "EXT 2012"]
[Source "ChessBase"]
[SourceDate "2011.11.24"]
[SourceVersion "1"]
[SourceVersionDate "2011.11.24"]
[SourceQuality "1"]

1. e4 c5 2. d4 cxd4 3. Nf3 e5 4. Bc4 Be7 5. 0-0 Nc6 6. c3 Nf6 7. cxd4 d6 8. dxe5 dxe5 9. Qxd8+ Bxd8 10. Nc3 a6 11. h3 0-0 12. Be3 h6 13. Rfd1 Re8 14. Rd2 Ba5 15. Bd3 Be6 16. a3 Bb3 17. Bc2 Bxc3 18. bxc3 Bxc2 19. Rxc2 Nxe4 20. Re1 Nd6 21. Bc5 Nc4 22. Re4 b5 23. Rce2 f6 24. Nd4 Nxd4 25. Bxd4 Kf7 26. Bc5 Rec8 27. Be3 Nxa3 28. Bd2 Nc4 29. Be1 Rd8 30. g4 g5 31. Kg2 Rd1 32. f3 Rb1 33. Rc2 Rb2 34. Rxb2 Nxb2 35. Re3 Rd8 36. Re2 Nd3 37. Rd2 Nf4+ 38. Kg3 Rxd2 39. Bxd2 Ke6 40. Kh2 Kd5 41. Kg3 Kc4 42. h4 a5 43. hxg5 hxg5 44. Kf2 Kd3 45. Bc1 Kxc3 46. Be3 b4 47. Bb6 a4 0-1

[Event "Rhein Main op 13th"]
[Site "Bad Homburg"]
[Date "2010.06.05"]
[Round "6"]
[White "Wiewesiek, Timo"]
[Black "Kitzler, Gerhard"]
[Result "1-0"]
[WhiteElo "1453"]
[BlackElo "1679"]
[PlyCount "103"]
[EventDate "2010.06.02"]
[EventType "swiss"]
[EventRounds "7"]
[EventCountry "GER"]
[SourceTitle "EXT 2011"]
[Source "ChessBase"]
[SourceDate "2010.11.26"]
[SourceVersion "1"]
[SourceVersionDate "2010.11.26"]
[SourceQuality "1"]

1. e4 e5 2. Nf3 d6 3. Bc4 Be7 4. c3 Nf6 5. d3 h6 6. Nbd2 0-0 7. Nf1 Nbd7 8. Qb3 Nc5 9. Qc2 c6 10. b4 Ne6 11. Bb3 Nh7 12. Ng3 Neg5 13. Nxg5 Nxg5 14. 0-0 Kh8 15. f4 exf4 16. Rxf4 Ne6 17. Rf3 Ng5 18. Bxg5 Bxg5 19. Rxf7 Be3+ 20. Kh1 Rxf7 21. Bxf7 Qh4 22. Qe2 Bf4 23. Qf3 Bxg3 24. Qxg3 Qxg3 25. hxg3 g5 26. Rf1 Kg7 27. Bb3 b5 28. Rf7+ Kg6 29. Rc7 d5 30. exd5 cxd5 31. Bxd5 Rb8 32. Rxa7 Kh5 33. Ra8 Rxa8 34. Bxa8 Bf5 35. Be4 Kg4 36. Bxf5+ Kxf5 37. Kg1 g4 38. Kf2 Ke5 39. Ke3 h5 40. d4+ Kf5 41. d5 Ke5 42. d6 Kxd6 43. Kd4 Kc6 44. c4 bxc4 45. Kxc4 Kd6 46. b5 Ke5 47. b6 Ke4 48. b7 Ke3 49. b8Q Kf2 50. Qf4+ Kg1 51. a4 Kxg2 52. a5 1-0

[Event "Rhein Main op 13th"]
[Site "Bad Homburg"]
[Date "2010.06.02"]
[Round "1"]
[White "Kitzler, Gerhard"]
[Black "Schreiber, Torsten"]
[Result "1-0"]
[WhiteElo "1679"]
[BlackElo "1963"]
[PlyCount "87"]
[EventDate "2010.06.02"]
[EventType "swiss"]
[EventRounds "7"]
[EventCountry "GER"]
[SourceTitle "EXT 2011"]
[Source "ChessBase"]
[SourceDate "2010.11.26"]
[SourceVersion "1"]
[SourceVersionDate "2010.11.26"]
[SourceQuality "1"]

1. e4 c6 2. d4 d5 3. Nc3 dxe4 4. Nxe4 Bf5 5. Ng3 Bg6 6. Nf3 h6 7. Ne5 Bh7 8. Bc4 e6 9. 0-0 Nf6 10. Re1 Nbd7 11. Nxf7 Kxf7 12. Bxe6+ Ke8 13. Bc4+ Be7 14. Bf4 Nb6 15. Bb3 Nbd5 16. Be5 Kd7 17. c4 Nb6 18. Qe2 Re8 19. Qf3 Kc8 20. Nf5 Bxf5 21. Qxf5+ Qd7 22. Qg6 Bd8 23. Bc2 Qe7 24. Bf5+ Nbd7 25. Re2 Rf8 26. Rae1 b6 27. Qg3 Nh5 28. Qg4 Rxf5 29. Qxf5 Qg5 30. Qxg5 hxg5 31. g4 Nhf6 32. h3 a5 33. Bd6 Kb7 34. c5 bxc5 35. dxc5 Bc7 36. Re3 a4 37. Kg2 Nd5 38. Re4 Bxd6 39. cxd6 Nf4+ 40. Kh2 Rf8 41. Re7 Kc8 42. Rxg7 Nd5 43. Kg3 Rf6 44. Re8+ 1-0

[Event "Karl Mala Memorial op 12th"]
[Site "Frankfurt"]
[Date "2009.07.19"]
[Round "6"]
[White "Kitzler, Gerhard"]
[Black "Urbach, Jens"]
[Result "1-0"]
[WhiteElo "1060"]
[BlackElo "922"]
[PlyCount "97"]
[EventDate "2009.07.16"]
[EventType "swiss"]
[EventRounds "7"]
[EventCountry "GER"]
[SourceTitle "EXT 2010"]
[Source "ChessBase"]
[SourceDate "2010.11.25"]
[SourceVersion "1"]
[SourceVersionDate "2010.11.25"]
[SourceQuality "1"]

1. e4 e5 2. Nf3 Nc6 3. Bc4 h6 4. 0-0 Nf6 5. Re1 Bd6 6. d4 0-0 7. Qd3 Nb4 8. Qb3 Nc6 9. Qd3 a6 10. Nh4 b5 11. Bxh6 gxh6 12. Qe3 Kh7 13. Nf5 Ng4 14. Qh3 Rg8 15. Qh5 Qf6 16. Qxf7+ Qxf7 17. Bxf7 Rf8 18. Bh5 Nf6 19. Bd1 exd4 20. Nd2 Re8 21. f3 Bc5 22. Kf1 Bb4 23. Re2 d6 24. Ng3 d5 25. exd5 Rxe2 26. Kxe2 Ne5 27. Nb3 Nxd5 28. Nxd4 Nf4+ 29. Kf1 c5 30. Nb3 Be6 31. a3 Bd2 32. Nxd2 Rd8 33. Nb3 Bc4+ 34. Kf2 Rd5 35. Na5 h5 36. b3 Bd3 37. cxd3 Nfxd3+ 38. Ke3 Nb2 39. Bc2+ Kh8 40. Rb1 Nbd3 41. Ne4 b4 42. axb4 cxb4 43. Nc4 Nxc4+ 44. bxc4 Ra5 45. Kxd3 Ra3+ 46. Rb3 a5 47. Rxa3 bxa3 48. Bb3 a4 49. Ba2 1-0

[Event "Berlin Lichtenberger op 7th"]
[Site "Berlin"]
[Date "2008.08.19"]
[Round "4"]
[White "Krusemark, Gerhard"]
[Black "Kitzler, Gerhard"]
[Result "1-0"]
[WhiteElo "1705"]
[BlackElo "1059"]
[PlyCount "79"]
[EventDate "2008.08.16"]
[EventType "swiss"]
[EventRounds "9"]
[EventCountry "GER"]
[SourceTitle "CBM 126 Extra"]
[Source "ChessBase"]
[SourceDate "2008.11.05"]
[SourceVersion "1"]
[SourceVersionDate "2008.11.05"]
[SourceQuality "1"]

1. e4 c5 2. f4 e5 3. fxe5 Qh4+ 4. Ke2 Qxe4+ 5. Kf2 Qd4+ 6. Ke1 Qh4+ 7. Ke2 d6 8. Nf3 Bg4 9. d3 dxe5 10. Be3 Nf6 11. Nbd2 Be7 12. Qe1 Qh5 13. g3 Nc6 14. Bg2 Nd5 15. Kf2 Qf5 16. Rf1 0-0 17. Kg1 Qd7 18. Bf2 Qe6 19. Ne4 Bxf3 20. Bxf3 b6 21. Qe2 Nd4 22. Bxd4 cxd4 23. Rfe1 Rfe8 24. Nf2 Bg5 25. Rad1 Ne3 26. Rb1 Rac8 27. c4 Rc7 28. Ne4 Bf6 29. Rbc1 Be7 30. a3 f5 31. Nf2 Bd6 32. Nd1 Nxd1 33. Bd5 Qxd5 34. cxd5 Rxc1 35. Qd2 Rcc8 36. Qg5 g6 37. Qf6 Bb8 38. d6 Rf8 39. Qxe5 Rfe8 40. Qxe8+ 1-0

[Event "Giessen-ch"]
[Site "Giessen"]
[Date "2008.04.04"]
[Round "5"]
[White "Kitzler, Gerhard"]
[Black "Pade, Joachim"]
[Result "0-1"]
[WhiteElo "1044"]
[BlackElo "1728"]
[PlyCount "48"]
[EventDate "2008.02.01"]
[EventType "swiss"]
[EventRounds "7"]
[EventCountry "GER"]
[SourceTitle "EXT 2010"]
[Source "ChessBase"]
[SourceDate "2010.11.25"]
[SourceVersion "1"]
[SourceVersionDate "2010.11.25"]
[SourceQuality "1"]

1. e4 e6 2. d4 d5 3. Nc3 Bb4 4. Bd3 c5 5. Be3 Nf6 6. a3 Bxc3+ 7. bxc3 dxe4 8. Bc4 0-0 9. Bg5 cxd4 10. cxd4 Nc6 11. c3 b6 12. Ne2 Bb7 13. Qd2 Na5 14. Ba2 Rc8 15. 0-0 Bd5 16. Bxd5 exd5 17. Rfb1 Nc4 18. Qc1 Re8 19. Ng3 Rc6 20. Nf5 g6 21. Nh6+ Kf8 22. Ng4 Ree6 23. Bh4 Ke8 24. Qh6 Nxg4 0-1

[Event "Rhein Main op 10th"]
[Site "Bad Homburg"]
[Date "2007.06.07"]
[Round "2"]
[White "Kitzler, Gerhard"]
[Black "Arnold, Michael"]
[Result "0-1"]
[WhiteElo "1204"]
[BlackElo "1645"]
[PlyCount "60"]
[EventDate "2007.06.06"]
[EventType "swiss"]
[EventRounds "7"]
[EventCountry "GER"]
[SourceTitle "EXT 2008"]
[Source "ChessBase"]
[SourceDate "2007.11.25"]
[SourceVersion "1"]
[SourceVersionDate "2007.11.25"]
[SourceQuality "1"]

1. e4 d5 2. exd5 Qxd5 3. Nc3 Qd6 4. d4 Nf6 5. Be2 a6 6. Be3 Nc6 7. Bf3 g6 8. Qd2 Bg7 9. Nge2 e6 10. Bf4 Qd7 11. Bh6 0-0 12. Bxg7 Kxg7 13. 0-0-0 Nd5 14. Ne4 Qd8 15. h4 h6 16. g4 Rb8 17. g5 h5 18. N2g3 Rh8 19. Be2 b5 20. Nc5 Qd6 21. Nge4 Qf4 22. Qxf4 Nxf4 23. Bf3 Nd5 24. Nf6 Nce7 25. Be4 Nxf6 26. gxf6+ Kxf6 27. f4 Rd8 28. Rd2 Nf5 29. c3 Rb6 30. Re1 Nxh4 0-1